Statistics for Name 3 U.S. States #1

Click here to take the quiz!

General Stats

  • This quiz has been taken 25 times
  • The average score is 12 of 30

Answer Stats

HintAnswer% Correct
1. Name 3 states that have 5 or more National Parks. (Ranking) (Most National Parks)California
89%
5. Name 3 states that start with the letter C. (Alphabetical) (1st alphabetically)California
78%
(2nd state starts with a C Alphabetically)Colorado
72%
(3rd state starts with a C Alphabetically)Connecticut
72%
(2nd most National Parks)Alaska
67%
9. Name the 3 states that border Lake Superior. (Alphabetical) (1st alphabetically)Michigan
67%
6. Name 3 states that have only 1 bordering state or less. (Alphabetical) (1st alphabetically)Alaska
61%
(2nd state Alphabetically borders 1 or less states)Hawaii
61%
(3rd State Alphbetically borders 1 or less states)Maine
61%
10. Name the top 3 states with the most cattle according to beef2live.com. (Ranking) (Most cattle)Texas
56%
(3rd most National Parks)Utah
56%
7. Name 3 states with 5 or more Presidents born within its borders. (Ranking) (Most Presidents born)Virginia
56%
(3rd alphabetically that borders Lake Superior)Wisconsin
56%
(2nd alphabetically that borders Lake Superior)Minnesota
50%
(Rio Grande passes through 2nd state alphabetically)New Mexico
50%
(Rio Grande passes through 3rd state alphbetically)Texas
50%
4. Name the 3 states the Rio Grande passes through. (Alphabetical) (1st alphabetically)Colorado
44%
(3rd most Presidents born)New York
39%
(2nd most Presidents born)Ohio
33%
3. Name the 3 snowiest states in the United States according to Wisevoter.com. (Ranking) (Snowiest state)New Hampshire
22%
(2nd snowiest state)Maine
17%
(3rd snowiest state)Vermont
17%
(3rd tallest capitol building)Illinois
11%
(3rd most cattle)Kansas
6%
(2nd tallest capitol building)Nebraska
6%
(2nd most cattle)Nebraska
6%
(2nd most violent state)New Mexico
6%
(3rd most violent state)Tennessee
6%
8. Name the 3 most violent states (2019 data per 100,000 inhabitants) of the United States. (Ranking) (Most violent)Alaska
0%
2. Name the 3 states with the tallest capitol buildings. (Ranking) (tallest capitol building)Louisiana
0%

Score Distribution

Percentile by Number Answered

Percent of People with Each Score

Your Score History

You have not taken this quiz